-A Baby Girl Names (1952) Quiz Stats

 Plays Quiz not verified by Sporcle

Score 0/272 Timer 20:00
0 Plays Today
First Letter Name % Correct
LLinda
96.9%
LLaura
96.1%
MMaria
95.8%
PPatricia
94.8%
SSara
94.1%
AAnna
93.9%
DDiana
93.6%
BBrenda
93.4%
DDonna
93.4%
PPaula
93.1%
RRosa
92.7%
VVictoria
92.3%
LLisa
92.3%
BBarbara
92.1%
SSandra
91.4%
JJulia
91.4%
EElla
91.4%
DDebra
90.9%
NNora
90.4%
WWanda
90%
C/KCarla
89.7%
EEva
88.5%
CCora
88.5%
OOlivia
88.4%
C/KChristina
88.2%
RRebecca
88%
GGina
88%
TTina
87.9%
PPamela
87.7%
GGloria
86.8%
EEmma
86.7%
DDora
86.5%
RRita
86.2%
VVera
86.2%
AAngela
86%
TTeresa
85.9%
NNina
85.7%
CClara
85.3%
MMelissa
84.5%
MMartha
83.7%
AAmanda
83.7%
DDana
83.4%
VVeronica
83.1%
VVirginia
83%
AAlicia
83%
VVanessa
83%
RRhonda
82.9%
AAmelia
81.9%
TTara
81.7%
AAva
81.5%
TTanya
81.3%
AAndrea
80.3%
JJoanna
80%
CCynthia
79%
LLydia
79%
JJana
78.9%
LLea
78.8%
GGeorgia
78.7%
MMelinda
78.1%
LLana
77.8%
JJessica
77%
SStella
76.9%
SSheila
76.9%
MMarla
76.7%
IIda
76.5%
AAnita
75.5%
SSusanna
75.5%
RRoberta
75%
AAda
74.8%
LLola
74.7%
BBelinda
74.5%
MMarsha
74.4%
MMonica
74.4%
WWilma
73.9%
RRegina
73.2%
SSylvia
72.7%
DDena
72.6%
EEdna
72.5%
CCarolina
72.5%
AAlma
72.1%
HHelena
71.6%
EElena
71.5%
KKatrina
71.4%
DDeanna
71%
LLila
70.8%
LLouisa
70.6%
GGlenda
70.4%
BBertha
68.9%
MMara
68.6%
SSonia
68.6%
VValeria
68.4%
First Letter Name % Correct
AAlexandra
68.4%
FFlora
68.3%
JJuanita
68.2%
AAngelina
68.2%
TTamara
68%
EEliza
68%
VViola
67.6%
DDarla
67.4%
EErica
67.3%
SSophia
67.2%
LLoretta
67.2%
MMona
67%
K/CKrista
66.1%
PPriscilla
66%
EElsa
66%
OOlga
65.9%
YYolanda
65.9%
VVelma
65.9%
NNorma
65.7%
MMyra
65.5%
I/EIrma
64.9%
CClaudia
64.7%
LLucia
64.5%
CCecilia
64.4%
RRosanna
63.2%
CCassandra
62%
RRhoda
62%
WWilla
61.8%
GGreta
61%
TThelma
60.9%
MMarina
60.3%
CCelia
60.2%
DDelia
59.6%
JJuliana
59.6%
DDella
59.2%
EElisa
58.6%
LLucinda
58%
LLula
57.9%
MMaura
57.8%
LLeanna
57.1%
CClarissa
57%
MMarianna
56.7%
CCamilla
56.3%
AAlana
55.5%
MMargarita
55.5%
RRoxanna
55.3%
LLorena
54.8%
RRamona
54.3%
MMarta
54.1%
HHilda
53.4%
FFelicia
53.4%
MMarlena
53.3%
LLeona
53%
MMartina
52.8%
DDorothea
51.9%
RRena
51%
BBonita
50.8%
VVerna
50.7%
EEtta
50.5%
EEstella
49.9%
IIva
49.5%
LLela
48.9%
IIna
48.8%
TTrina
48.6%
GGeorgina
48.3%
JJuana
47.8%
HHenrietta
47%
LLorna
46.4%
ZZelda
45.8%
MMatilda
45.1%
FFreda
45%
SSelena
44.9%
AAlberta
44.2%
RReba
43.8%
MMyrna
43.7%
SSelma
42.6%
OOra
42.1%
AAurora
41.9%
RRonna
41.3%
AAntonia
40.2%
LLeticia
40.1%
OOfelia
39.9%
NNola
39.2%
EElma
38.8%
KKendra
38.6%
AAdela
38.3%
UUrsula
37.7%
EEugenia
37.2%
CCharla
37.1%
JJosefina
36.9%
EElvira
36.9%
First Letter Name % Correct
CCarlotta
36.4%
EEdwina
36.1%
CCarmela
36%
DDaria
35.2%
NNona
35.1%
OOla
34.9%
MMagdalena
34.4%
RRowena
34.1%
GGlenna
33.4%
WWilhelmina
33.4%
MMarcella
33%
GGeneva
32.6%
LLenora
31.7%
EEula
31.7%
EEsmeralda
31.6%
IIla
31.4%
EElva
30.9%
TThea
30.1%
SShauna
30%
BBlanca
30%
WWinona
29.6%
GGeorgianna
29.4%
RRhea
29.3%
LLolita
29.3%
RRosalinda
29.2%
AAlta
29%
NNita
28.3%
GGayla
27.9%
RReva
27.5%
PPortia
27.4%
LLouella
27.4%
MMelba
27%
VVonda
26.6%
RRosetta
26.4%
CCornelia
26.2%
GGraciela
25.7%
GGilda
25.6%
LLona
25.5%
OOdessa
25.4%
AAlfreda
25.2%
AAlthea
24.5%
RRosita
24.5%
EEvangelina
24.2%
ZZelma
23.6%
LLucretia
23.4%
MMinerva
23%
NNelda
22.6%
GGwenda
22.4%
TTwila
22.2%
MMarva
21.4%
MMelva
21.3%
FFrancisca
21.2%
TTheodora
20.5%
LLeola
20.3%
VVelda
20%
NNeva
19.6%
EEsperanza
19.6%
DDorinda
19.2%
EElnora
19.1%
MMarietta
18.7%
WWilda
18.7%
LLadonna
18.6%
AAnnetta
18.3%
VVeda
17.6%
LLeta
17.3%
CCinda
17.2%
LLetha
16.8%
CCarmelita
16.3%
MMarita
16.1%
DDonita
16%
AAngelita
15.9%
BBelva
15.7%
RRosella
15.5%
MMadonna
15.4%
CConcetta
15.2%
LLinnea
15%
NNedra
14.9%
JJeanetta
14.6%
FFonda
14.1%
TTreva
13.8%
OOralia
13.7%
LLawanda
13.4%
LLelia
13.3%
EElida
12.9%
RRetha
12.8%
BBernita
12%
PPandora
11.6%
SSanjuanita
9.7%
EErlinda
8.6%
HHerlinda
8.2%

You're not logged in!

Compare scores with friends on all Sporcle quizzes.
OR
Log In

Sporcle TV

Today on Sporcle TV


Watch our educational content, quiz creation guides, and fun videos on Sporcle TV.

Show Comments

Extras

Top Quizzes Today


Score Distribution

Your Account Isn't Verified!

In order to create a playlist on Sporcle, you need to verify the email address you used during registration. Go to your Sporcle Settings to finish the process.

Report this User

Report this user for behavior that violates our Community Guidelines.

Details: